00222nam a2200085Ia 4500008004100000082001300041100002300054245003800077300002100115230907s9999||||xx |||||||||||||| ||und|| a5.8bSMI aSmith, Richard E., 0aElementary information security / axxi, 866 pages :